000 00682nam a2200229 a 4500
999 _c10938
_d10938
001 10938
003 BD-JhCC
005 20220811134024.0
008 190529b2014 bd ||||| a||| 00| 0 eng d
020 _a9789842003776
035 _a(BD-JhCC)10938
040 _aBD-JhCC
_dBD-JhCC
041 _aben
082 _bSOR 2014
_a891.443
100 _aশরীফ, মোস্তাক
245 _aঅয়নান্ত সূর্যর দিন /
_cমোস্তাক শরীফ,
260 _aঢাকা:
_bঅ্যাডন পাবলিকেশন;
_c2014.
300 _a175 P. :
_c22 CM.
650 _aBengali Novel
942 _2ddc
_cBK
_05